000 00401nam a2200157 i 4500
001 63615
003 ES-MaACL
005 20230906164926.0
007 t|
008 031212s1971 sp ||||1| spa d
245 0 0 _aFestival de teatro de Sitges
_b: 1967-1970.
250 _a[1ยช ed.].
260 _a[Barcelona :
_bs.n.,
_c1971]
300 _a293 p. ;
_c18 cm.
852 _aES-MaACL
_jC-45405
_bR.79228
999 _c63615
_d63615